Tracklist - Graduation By Ye (Kanye West) - Statistics

General Stats
  • This quiz has been taken 15 times
  • The average score is 12 of 14
Answer Stats
Artist(s) Song Title % Correct
Ye Good Morning
100%
Ye, Al Be Back, Mos Def Good Night
100%
Ye, Lil Wayne Barry Bonds
92%
Ye, Dwele Flashing Lights
92%
Ye Big Brother
85%
Ye Champion
85%
Ye, T-Pain Good Life
85%
Ye, Chris Martin Homecoming
85%
Ye I Wonder
85%
Ye, Mos Def Drunk And Hot Girls
77%
Ye, DJ Premier Everything I Am
77%
Ye Stronger
77%
Ye The Glory
77%
Ye, John Mayer Bittersweet Poetry
54%
No matching quizzes found
Score Distribution
Percent of People with Each Score
Percentile by Number Answered
Your Score History
You have not taken this quiz